00570nam a2200157 a 450000500170000000800410001705000130005810000270007124500450009826000430014330000170018644000290020352001430023265000190037565000180039420140412111308.0030415s19uu xx 00 eng d aERbLi72 aMinarik, Else Homelund aLittle Bear /cby Else Homelund Minarik. aColumbus, Ohio :bWeekly Reader Books. a63 p. ; ill. aAn Early I Can Read Book aIt's Little Bear's birthday. But Mother Bear is nowhere to be seen. And there's no birthday cake! My goodness! What will Little Bear do? aBears--Fiction aShort stories